| 000 | 00725nam a2200193 i 4500 | ||
|---|---|---|---|
| 001 | 111379 | ||
| 003 | ES-MaACL | ||
| 005 | 20230906185306.0 | ||
| 007 | t| | ||
| 008 | 061121s1941 ag r ||||1| spa d | ||
| 100 | 1 |
_aNájera Angulo, Luis. _984870 |
|
| 245 | 1 | 0 |
_aNota previa sobre el tratamiento de la sarna por el benzoato de bencilo / _cpor los Dres. Luis Nájera Angulo y Bernabé Jiménez Roldán. |
| 260 |
_aBuenos Aires : _b[s.n.], _c1941 ( _fImp. Mercatali) |
||
| 300 |
_a9 p. ; _c24 cm. |
||
| 500 | _aSeparata de la Rev. Médica latino-americana . N º 307, año XXVI, 1941. | ||
| 650 | 4 |
_aSarna- _xTratamiento. _9159120 |
|
| 700 | 1 |
_aJiménez Roldán, Bernabé. _966603 |
|
| 852 |
_aES-MaACL _j1715-F-28 _bR.19853 |
||
| 999 |
_c111379 _d111379 |
||